Представление документа в формате MARC21

Поле Инд. ПП Название Значение
Тип записи a
Библиографический уровень a
001 Контрольный номер 7924ed21195a49d488859a901c4217b1
005 Дата корректировки 20260701113610.8
040 a Служба первич. каталог. 10013504
041 0_ a Код языка текста rus
100 1_ a Автор Козлов В.И.
q Полное имя Козлов В.И.
245 10 a Заглавие О вычислении оценки импульсной переходной функции линейной стационарной системы путем взаимной корреляции ее реакции с бинарным случайным пробным сигналом
504 a Библиография Библиогр.: с. 25 - 26 (6 назв.)
653 0_ a Ключевые слова АВТОР МАИ
700 12 a Другие авторы Розенбейн К.В.
q Полное имя Розенбейн К.В.
773 18 a Заголовок основной записи Московский авиационный институт им. С. Орджоникидзе
w Контрольный № источника fbfa3087e78d41ac9e797376397df740
t Название источника Труды института
d Место и дата издания Москва : МАИ, 1970
g Прочая информация Вып. 216. - С. 5-26
901 t Тип документа a